England's 100 best views (Record no. 31354)

MARC details
000 -LEADER
fixed length control field 00571nam a2200157 a 4500
008 - FIXED-LENGTH DATA ELEMENTS--GENERAL INFORMATION
fixed length control field 150825s2013 ||||||||||||||||| || u
020 ## - INTERNATIONAL STANDARD BOOK NUMBER
International Standard Book Number 9781781250952
050 ## - LIBRARY OF CONGRESS CALL NUMBER
Classification number G 5754 Jen
100 ## - MAIN ENTRY--PERSONAL NAME
Personal name Jenkins, Simon
245 10 - TITLE STATEMENT
Title England's 100 best views
Statement of responsibility, etc. by Simon Jenkins
260 ## - PUBLICATION, DISTRIBUTION, ETC.
Place of publication, distribution, etc. London:
Name of publisher, distributor, etc. Profile Books Ltd
Date of publication, distribution, etc. 2013
300 ## - PHYSICAL DESCRIPTION
Extent 352p.: ill.
350 ## -
-- 76.01
650 ## - SUBJECT ADDED ENTRY--TOPICAL TERM
Topical term or geographic name entry element NATURAL LANDSCAPES--ENGLAND
995 ## -
-- MEDICAL LIBRARY OPEN ACCESS
-- 903140
-- CBU-SCHOOL OF MEDICINE LIBRARY (Ndola)
-- 76.01
-- REF G 5754 Jen
-- 1
-- AVAILABLE
-- Oct 13, 2015
-- 903140
-- Reference Collection
999 ## -
-- 31354
-- 31354
Holdings
Withdrawn status Lost status Source of classification or shelving scheme Damaged status Not for loan Permanent Location Current Location Shelving location Date acquired Total Checkouts Full call number Barcode Date last seen Price effective from Koha item type
          CBU-SCHOOL OF MEDICINE LIBRARY, NDOLA. CBU-SCHOOL OF MEDICINE LIBRARY, NDOLA.   11/30/2022   G 5754 Jen 903140 11/30/2022 11/30/2022 MONOGRAPH